00426nam a2200145Ia 4500008004100000041000900041082001700050100002000067245002900087260003700116300000800153650000800161999001700169952009400186230718s9999 xx 000 0 und d aEng. a34202bKEE-T aKeefe, weilliam 4aThe American legistative aPakistanbSweet and Mawellc1996 a521 aLaw c28610d28610 00104070aSIRC-LbSIRC-Ld2023-07-18l0o34202 KEE-Tp23561r2023-07-18w2023-07-18yBK